[Event "Doeberl Cup Minor 43rd"]
[Site "Canberra"]
[Date "2005.03.26"]
[Round "3"]
[White "McCart, Tully"]
[Black "Hoole, Jeyaranyan"]
[Result "0-1"]
[WhiteElo "737"]
[BlackElo "1582"]
[PlyCount "68"]
[EventDate "2005.03.25"]
[EventType "swiss"]
[EventRounds "7"]
[EventCountry "AUS"]
[SourceTitle "EXT 2009"]
[Source "ChessBase"]
[SourceDate "2008.11.26"]
[SourceVersion "1"]
[SourceVersionDate "2008.11.26"]
[SourceQuality "1"]

1. c4 f5 2. d4 Nf6 3. Bg5 e6 4. Bxf6 Qxf6 5. e3 Bb4+ 6. Nd2 c5 7. Ngf3 0-0 8. a3 Bxd2+ 9. Qxd2 cxd4 10. exd4 Nc6 11. d5 exd5 12. cxd5 Re8+ 13. Be2 Ne5 14. 0-0 b6 15. Nxe5 Rxe5 16. b4 Bb7 17. Bc4 Qd6 18. Rad1 a5 19. Rfe1 axb4 20. axb4 Rae8 21. h3 h6 22. Rxe5 Rxe5 23. b5 Kh8 24. f4 Re4 25. Qd3 Qc5+ 26. Kh1 Qxc4 27. Qa3 Bxd5 28. Qf8+ Bg8 29. g4 Rxf4 30. gxf5 Qe4+ 31. Kh2 Qe2+ 32. Kg1 Qxd1+ 33. Kg2 Qd2+ 34. Kg3 Qe3+ 0-1